000 00736nam a22002177a 4500
003 EG-CAGPL
005 20240530110334.0
008 140617s2013 jo o|||g |||| 00| 0 ara d
040 _aEG-CAGPL
_cEG-CAGPL
082 0 4 _a391.009
_bم ت
_221
100 0 _aمحمد حسين جودى
245 0 _aتاريخ الازياء القديم /
_cمحمد حسين جودى
250 _aط1
260 _aالاردن :
_bدار صفاء للنشر والتوزيع ،
_c2013
300 _a202 ص:
_bصور ؛
_c24 سم
650 7 _2qrmak
_aالازياء
_xتاريخ
650 7 _2qrmak
_aالازياء الفرعونية
650 7 _2qrmak
_aالازياء الاسلامية
942 _2ddc
_cBK
999 _c59754
_d59754